| 000 | 00826nam a2200241 i 4500 | ||
|---|---|---|---|
| 001 | 67372 | ||
| 003 | ES-MaACL | ||
| 005 | 20230906170044.0 | ||
| 007 | t| | ||
| 008 | 040520s2003 sp ||||1| spa d | ||
| 020 | _a84-96044-14-9 | ||
| 080 | _a821.134.2-293.8"19" | ||
| 080 | _a654.197-053.2 | ||
| 100 | 1 |
_aAlba Rico, Santiago. _919206 |
|
| 245 | 1 | 1 |
_a¡Viva el mal! ¡Viva el capital! / _cSantiago Alba Rico. |
| 250 | _a3ª ed. | ||
| 260 |
_aBarcelona : _bVirus, _c2003. |
||
| 300 |
_a155 p. : _bil. ; _c21 cm. |
||
| 500 | _aRecoge 12 guiones del espacio televisivo "Los Electroduendes" emitidos en el programa "La Bola de Cristal" de TVE de octubre de 1984 a septiembre de 1988. | ||
| 650 | 1 | 4 |
_aTelevisión- _xProgramas infantiles. _917449 |
| 650 |
_aTelevisión y niños. _9166178 |
||
| 852 |
_aES-MaACL _jL-27580 |
||
| 999 |
_c67372 _d67372 |
||